Chinese perspectives on the International Rule of Law. Law and politics in the one-party state
שמור ב:
| מחבר ראשי: | |
|---|---|
| פורמט: | ספר |
| שפה: | אנגלית |
| יצא לאור: |
Cheltenham, United Kingdom
Edward Elgar
2018
|
| סדרה: | Leuven Global Governance
|
| נושאים: | |
| תגים: |
הוספת תג
אין תגיות, היה/י הראשונ/ה לתייג את הרשומה!
|
MARC
| LEADER | 00000cam a2200000 a 4500 | ||
|---|---|---|---|
| 001 | UCC8544 | ||
| 003 | CL-VaPUC | ||
| 005 | 20210728001641.0 | ||
| 008 | 190712e20180000uk |||||||||||||||||eng|d | ||
| 999 | |c 374826 |d 374824 | ||
| 020 | |a 9781788112383 | ||
| 040 | |c Pontificia Universidad Católica de Valparaíso | ||
| 082 | 0 | 4 | |a 341.0951 BUR 2018 |2 21 |
| 100 | 0 | |a Burnay, Matthieu |e author |9 603199 | |
| 245 | 1 | 0 | |a Chinese perspectives on the International Rule of Law. |b Law and politics in the one-party state |
| 260 | |a Cheltenham, United Kingdom |b Edward Elgar |c 2018 | ||
| 300 | |a 319 páginas | ||
| 440 | |a Leuven Global Governance |9 856805 | ||
| 583 | |a last modification |c 20190712 00:10:00 |k Rodrigo Vera | ||
| 650 | 7 | |a DERECHO CHINO |2 CL-VaPUC |9 400975 | |
| 650 | 0 | |a Derecho internacional |9 255637 | |
| 650 | 0 | |a Relaciones Exteriores |9 255379 | |
| 650 | 0 | |a Relaciones Internacionales |9 255740 | |
| 852 | |a BIBDER | ||
| 942 | |c BK |2 ddc | ||
| 945 | |d 20190712 00:10:00 |a dcastane | ||
| 952 | |0 0 |1 0 |3 erd |4 0 |6 341_095100000000000_BUR_2018 |7 0 |8 A |9 493556 |a BIBDER |b BIBDER |d 2019-07-08 |e 1 |g 106549.00 |i 5555272 |o 341.0951 BUR 2018 |p 5555272 |r 2023-01-25 |v 106549.00 |w 2019-11-24 |y BK |z Catalogado en:20190712 |k DER | ||
| 952 | |0 0 |1 0 |3 erd |4 0 |6 341_095100000000000_BUR_2018 |7 0 |8 A |9 493557 |a BIBDER |b BIBDER |d 2019-07-09 |e 1 |g 106549.00 |i 555554K |o 341.0951 BUR 2018 |p 555554K |r 2023-01-25 |v 106549.00 |w 2019-11-24 |y BK |z Catalogado en:20190719 |k DER | ||